| 000 | 01192nam a2200265 a 4500 | ||
|---|---|---|---|
| 001 | 84280 | ||
| 003 | BD-RjUL | ||
| 005 | 20241111135519.0 | ||
| 008 | 241111s2023 bg ||||| |||| 00| 0 ben d | ||
| 020 | _a9789841109028 | ||
| 035 | _a(BD-RjUL)84280 | ||
| 040 |
_aBD-RjUL _beng _cBD-RjUL |
||
| 041 | _aben | ||
| 082 |
_223 _a297.1225 _bNOA 2023 |
||
| 100 |
_aনোমান, আবুল হাসান মুহাম্মদ _914205 |
||
| 245 |
_aএকজন মুসলমান নিরক্ষরের আল- কুরআনের সহজ বুঝ / _cআবুল হাসান মুহাম্মদ নোমান |
||
| 246 | _aআল- কুরআনের সহজ বুঝ | ||
| 260 |
_aঢাকা : _bঢাকা : আহমদ পাবলিশিং হাউস, _c ২০২৩ |
||
| 300 |
_a৩২০ পৃ.; _c২৪ সেমি. |
||
| 650 |
_aআল কুরআনের বঙ্গানুবাদ _914206 |
||
| 650 |
_aBengali translation of Al Quran _914207 |
||
| 650 |
_aআল কুরআন _vব্যাখ্যা ও সমালোচনা _914208 |
||
| 650 |
_aAl Quran _vInterpreation and criticism _914209 |
||
| 942 |
_2ddc _cBK |
||
| 999 |
_c84280 _d84280 |
||